000 00806cab a2200241 4500
001 ABS48530
008 090401t1993 xxu||||| |||| 00| 0 eng d
035 _a(Sirsi) u67259
041 _aeng
245 4 _aThe top 400 contractors (USA)
260 _c1993
350 _a0
490 _aEngineering News Record
_v230(21) 24 May 1993, 36-79(23)
520 _aA ranking of the top US contractors in the fields of general building, industrial/petrochemical, transportation, power, water supply, hazardous waste, manufacturing/plant and sewage waste ranked by volume of new contracts.
650 _aCONTRACTORS
650 _aLEAGUE TABLE
650 _aRANKINGS
650 _aUNITED STATES
690 _aBUILT ENVIRONMENT
690 _aOVERSEAS-NORTH AMERICA
942 _n0
948 _c04/03/1997
999 _c42090
_d42090